Responses for Show #1380 - Friday, September 7, 1990

Game entered from audiorecording. Missing prizes.

Contestants

[<< previous game]

Ken Marks, a proofreader and umpire originally from Eastchester, New York

Roberta Schwartz, a training director for a travel agency from Plantation Florida

Rick Cimerman, an economic analyst from Tallahassee, Florida (whose 1-day cash winnings total $18,401)

[next game >>]

Jeopardy! Round responses

HOLIDAYS & OBSERVANCES
WEATHER
WORD ORIGINS
STATE SEALS
THE OLYMPICS
THE MOON
    $100 21
Abraham Lincoln

Ken
    $100 6
(Edmond) Halley

Ken
    $100 11
macramé

Roberta
    $100 26
Maryland

Roberta
    $100 1
four

Rick
    $100 16
craters

Rick
    $200 22
Alaska

Roberta
    $200 7
tornadoes

Rick
    $200 12
an epitaph

Rick
    $200 27
Michigan

Roberta
    $200 2
Babe Didrikson

Rick
    $200 17
Hey, diddle, diddle

Roberta
    $300 23
Hanukkah

Rick
    $300 8
(Ken: What are clouds?)
(Rick: What is sleet?)

lightning

RickKen
Triple Stumper
    $300 13
gallivant

Roberta
    $300 28
[The end-of-round signal sounds.]

Hawaii

Roberta
    $300 3
(Roberta: What is the high jump?)

the pole vault

RickRoberta
    $700 18
seas

Roberta
    $400 24
the Tomb of the Unknown Soldier

Roberta
    $400 9
the doldrums

Ken
    $400 14
Moroccan (Morocco)

Roberta
    $400 4
the steeplechase

Rick
    $400 19
the Harvest Moon

Ken
    $500 25
Oklahoma

Rick
    $500 10
a flurry

Rick
    $500 15
Druid

Ken
    $500 5
[No acknowledgement for Rick running the category]

a hammer

Rick
    $500 20
how was the Moon formed

Ken

Scores at the first commercial break (after clue 13):

Rick Roberta Ken
$2,100 $100 $200

Scores at the end of the Jeopardy! Round:

Rick Roberta Ken
$3,000 $2,600 $1,700

Double Jeopardy! Round responses

GEOGRAPHY
CLASSICAL MUSIC
MOVIE DIRECTORS
EUROPEAN HISTORY
POTENT POTABLES
LITERARY RELATIVES
    $200 3
Mount Rainier

Rick
    $200 24
Paul Bunyan

Rick
    $200 1
England

Roberta
    $200 16
Rome

Roberta
    $200 27
France

Rick
    $200 8
William (Butler) Yeats

Rick
    $400 4
Trinidad

Ken
    $400 23
(Rick: What is the clavichord?)
...
(Alex: We have a minute to go.)

the organ

RickKen
    $400 2
William Shatner

Rick
    $400 17
Czechoslovakia

Rick
    $400 12
Oscar Wilde

Roberta
    $600 9
(Roberta: What is Africa?)
...
(Alex: Angels Falls in Venezuela.)

South America

RickRoberta
    $600 22
(Johann) Strauss

Ken
    $600 5
David Lean

Ken
    $600 18
(Rick: What is Bulgaria?)

Greece

Rick
Triple Stumper
    $600 25
gin

Ken
    $600 13
Elizabeth Barrett Browning

Roberta
    $800 10
Java

Ken
    $800 21
(Alex: Yes, he died before his 75th birthday.)

(Franz) Liszt

Rick
    $800 6
(Ken: What is The Deep?)
...
(Alex: I believe The Deep was a Peter Benchley novel.)

The Abyss

Ken
Triple Stumper
    $800 19
Holland (the Netherlands)

Rick
    $2,700 28
(Alex: The monk who supposedly invented champagne.)
[The end-of-round signal sounds.]

Dom PĂ©rignon

Rick
    $800 14
Randolph (Churchill)

Triple Stumper
    $1000 11
(Roberta: What is Christchurch?)
(Rick: What is Wellington?)

Auckland

RickRobertaKen
    $1000 26
(Engelbert) Humperdinck

Ken
    $1000 7
Antonioni

Ken
    $2,000 20
(Rick: What is the Bourbon Dynasty?)

the Hapsburgs

Rick
    $1000 15
(Ken: Who is Emma Goodwin?)

Mary Shelley

RobertaKen

Scores at the end of the Double Jeopardy! Round:

Rick Roberta Ken
$5,500 $3,400 $6,300

[wagering suggestions for these scores]

Final Jeopardy! Round responses

FAMOUS WOMEN
(Alex: [Before revealing responses] If we had told you the Bill was Wild Bill Hickok, would that have made it easier? [Seeing player faces] Whoops, I guess it would have.)
[Laughter]
...
(Alex: [To Roberta] No, Queen Victoria and Wild Bill Hickok never get along all that well.)
[Laughter]
RobertaWho is Queen Victoria?
$3,300
RickWho is Annie Oakley?
$4,500
KenWho is Mrs. Bonney
$5,000
Calamity Jane (Martha Jane Canary)

Final scores:

Rick Roberta Ken
$1,000 $100 $1,300
2nd place 3rd place New champion: $1,300

Game dynamics:

Coryat scores:

Rick Roberta Ken
$5,600 $3,000 $6,300
21 R
(including 1 DD),
5 W
(including 1 DD)
15 R
(including 1 DD),
3 W
15 R,
3 W

Combined Coryat: $14,900

[game clues] [game scores] [suggest correction]

Game tape date: 1990-07-30
The J! Archive is created by fans, for fans. Scraping, republication, monetization, and malicious use prohibited; this site may use cookies and collect identifying information. See terms. The Jeopardy! game show and all elements thereof, including but not limited to copyright and trademark thereto, are the property of Jeopardy Productions, Inc. and are protected under law. This website is not affiliated with, sponsored by, or operated by Jeopardy Productions, Inc. Join the discussion at JBoard.tv.